Ladybug Girl and Bumblebee Boy / (Record no. 6362)

MARC details
000 -LEADER
fixed length control field 01128cam a2200349 a 4500
001 - CONTROL NUMBER
control field 6362
003 - CONTROL NUMBER IDENTIFIER
control field FISKH
005 - DATE AND TIME OF LATEST TRANSACTION
control field 20250424090753.0
008 - FIXED-LENGTH DATA ELEMENTS--GENERAL INFORMATION
fixed length control field 080307s2009 nyua b 000 1 eng
010 ## - LIBRARY OF CONGRESS CONTROL NUMBER
LC control number 2008001719
020 ## - INTERNATIONAL STANDARD BOOK NUMBER
International Standard Book Number 9780803733398
020 ## - INTERNATIONAL STANDARD BOOK NUMBER
International Standard Book Number 9780545255097
040 ## - CATALOGING SOURCE
Original cataloging agency DLC
Transcribing agency DLC
Modifying agency DLC
Language of cataloging eng
050 ## - LIBRARY OF CONGRESS CALL NUMBER
Classification number PZ7.S696224 L
082 ## - DEWEY DECIMAL CLASSIFICATION NUMBER
Classification number 808.068
100 1# - MAIN ENTRY--PERSONAL NAME
Personal name Soman, David.
245 10 - TITLE STATEMENT
Title Ladybug Girl and Bumblebee Boy /
Statement of responsibility, etc. by David Soman and Jacky Davis ; pictures by David Soman.
250 ## - EDITION STATEMENT
Edition statement This edition first printing, April 2013
260 ## - PUBLICATION, DISTRIBUTION, ETC.
Place of publication, distribution, etc. New York :
Name of publisher, distributor, etc. Scholastic,
Date of publication, distribution, etc. 2009.
300 ## - PHYSICAL DESCRIPTION
Extent 36 unnumbered pages :
Dimensions color illustrations ;
-- 21 x 24 cm.
505 ## - FORMATTED CONTENTS NOTE
Formatted contents note N<br/>
520 ## - SUMMARY, ETC.
Summary, etc. Lulu, dressed as Ladybug Girl, goes to the playground and makes new friends, including Bumblebee Boy.
521 8# - TARGET AUDIENCE NOTE
Target audience note 580<br/>
Source Lexile AD<br/>
521 8# - TARGET AUDIENCE NOTE
Target audience note N<br/>
Source Raz-Plus<br/>
650 #1 - SUBJECT ADDED ENTRY--TOPICAL TERM
Topical term or geographic name entry element Imagination
Form subdivision Fiction.
650 #1 - SUBJECT ADDED ENTRY--TOPICAL TERM
Topical term or geographic name entry element Play
Form subdivision Fiction.
650 #1 - SUBJECT ADDED ENTRY--TOPICAL TERM
Topical term or geographic name entry element Friendship
Form subdivision Fiction.
700 1# - ADDED ENTRY--PERSONAL NAME
Personal name Davis, Jacky,
Dates associated with a name 1966-
Relator term Author
906 ## - LOCAL DATA ELEMENT F, LDF (RLIN)
a 7
b cbc
c orignew
d 1
e ecip
f 20
g y-gencatlg
942 ## - ADDED ENTRY ELEMENTS (KOHA)
Source of classification or shelving scheme Dewey Decimal Classification
Koha item type Books
Suppress in OPAC No
Holdings
Withdrawn status Lost status Source of classification or shelving scheme Damaged status Not for loan Collection Home library Current library Shelving location Date acquired Total Checkouts Full call number Barcode Date last seen Copy number Price effective from Koha item type
    Dewey Decimal Classification     Juvenile Fiction Footprints International School Library Network Toul Kork Campus Footprints International School Library Network Toul Kork Campus TK Primary Library Room(4th Floor), Bookcase 3&4, Shelves 17-32, Yellow Books 04/24/2025   DAV 808.068 PZ7.S696224 L FISTK04427 04/24/2025 1 04/24/2025 Books